International labour law
Guardat en:
| Autor principal: | |
|---|---|
| Format: | Llibre |
| Idioma: | Undetermined |
| Publicat: |
Deventer, the Netherlands
Kluwer Law and Taxation
1995
|
| Matèries: | |
| Etiquetes: |
Afegir etiqueta
Sense etiquetes, Sigues el primer a etiquetar aquest registre!
|
| Thư viện lưu trữ: | Trung tâm Học liệu Trường Đại học Cần Thơ |
|---|
| LEADER | 00492nam a2200169Ia 4500 | ||
|---|---|---|---|
| 001 | CTU_56182 | ||
| 008 | 210402s9999 xx 000 0 und d | ||
| 082 | |a 341.763 | ||
| 082 | |b V215 | ||
| 100 | |a N. Valticos | ||
| 245 | 0 | |a International labour law | |
| 245 | 0 | |c N. Valticos and G. von Potobsky | |
| 260 | |a Deventer, the Netherlands | ||
| 260 | |b Kluwer Law and Taxation | ||
| 260 | |c 1995 | ||
| 650 | |a labor laws and legislation | ||
| 980 | |a Trung tâm Học liệu Trường Đại học Cần Thơ | ||